书目信息 |
| 题名: |
电动机与变压器维修
|
|
| 作者: | 黄永铭 主编 ;全国中等职业学校电工专业教材编写组 编 | |
| 分册: | ||
| 出版信息: | 北京 高等教育出版社 1999 |
|
| 页数: | 241页 | |
| 开本: | 26cm | |
| 丛书名: | ||
| 单 册: | ||
| 中图分类: | TM320.7 , TM407 | |
| 科图分类: | ||
| 主题词: | 电动机--维修--职业高中--教材 , 变压器--维修--职业高中--教材 | |
| 电子资源: | ||
| ISBN: | 7-04-006914-8 | |
| 000 | 01007nam0 2200277 450 | |
| 001 | 0100720574 | |
| 005 | 20101129095208.0 | |
| 010 | @a7-04-006914-8@dCNY19.40 | |
| 011 | @a7-04-006914-8 | |
| 100 | @a20021005d1999 em y0chiy0110 ea | |
| 101 | 0 | @achi |
| 102 | @aCN@b110000 | |
| 105 | @af z 000yy | |
| 106 | @ar | |
| 200 | 1 | @a电动机与变压器维修@9Dian Dong Ji Yu Bian Ya Qi Wei Xiu @f黄永铭主编@g全国中等职业学校电工专业教材编写组编@b专著 |
| 210 | @a北京@c高等教育出版社@d1999 | |
| 215 | @a241页@c彩图@d26cm | |
| 300 | @a教育部规划教材 中等职业学校电工专业(含岗位培训 行业中级技术工人等级考核) | |
| 606 | 0 | @a电动机@x维修@x职业高中@x教材 |
| 606 | 0 | @a变压器@x维修@x职业高中@x教材 |
| 690 | @aTM320.7@v3 | |
| 690 | @aTM407@v3 | |
| 701 | 0 | @a黄永铭@f(1948~)@9huang yong ming@4主编 |
| 712 | 02 | @a全国中等职业学校电工专业教材编写组@9quan guo zhong deng zhi ye xue xiao dian gong zhuan ye jiao cai bian xie zu@4编 |
| 801 | 0 | @aCN@bAiZhiMarc@c19990602 |
| 905 | @aBZT@dTM320.7@e58@f4@sTM320.7/58 | |
| 电动机与变压器维修/黄永铭主编/全国中等职业学校电工专业教材编写组编.-北京:高等教育出版社,1999 |
| 241页:彩图;26cm |
| 教育部规划教材 中等职业学校电工专业(含岗位培训 行业中级技术工人等级考核) |
| ISBN 7-04-006914-8:CNY19.40 |
| ● |
| 相关链接 |
|
|
|
正题名:电动机与变压器维修
索取号:TM320.7/58
 
预约/预借
| 序号 | 登录号 | 条形码 | 馆藏地/架位号 | 状态 | 备注 |
| 1 | 2000006904 | 2000006904 | 旧书回溯/ [索取号:TM320.7/58] | 在馆 | |
| 2 | 2000006905 | 2000006905 | 旧书回溯/ [索取号:TM320.7/58] | 在馆 | |
| 3 | 2000020880 | 2000020880 | 旧书回溯/ [索取号:TM320.7/58] | 在馆 | |
| 4 | 2000059651 | 2000059651 | 旧书回溯/ [索取号:TM320.7/58] | 在馆 |